|
|
|
|
| LEADER |
00000nam a22000005a 4500 |
| 001 |
vtls010501929 |
| 003 |
SK-MaSNL |
| 005 |
20260301085916.0 |
| 008 |
160430s2012 xo 000 0 eng |
| 015 |
|
|
|a SNBA2013/04
|
| 020 |
|
|
|a 9788022535465 (brož.)
|
| 035 |
|
|
|a 76BE8016-78C3-4FC4-9E9F-66AF2B44FA41
|
| 035 |
|
|
|a urn:nbn:sk:snk-amjn4y
|
| 035 |
|
|
|a urn:nbn:sk:snk-am001ovj
|
| 040 |
|
|
|a SNK
|b slo
|c SNK
|e AACR2
|
| 041 |
0 |
|
|a eng
|
| 044 |
|
|
|a xo
|c SK
|
| 072 |
|
7 |
|a 004
|x Počítačová veda. Výpočtová technika. Informačné technológie
|2 konspekt
|
| 080 |
|
|
|a 007+004
|2 2001
|
| 080 |
|
|
|a [007+004]-027.22
|2 2001
|
| 080 |
|
|
|a 004
|2 2001
|
| 080 |
|
|
|a 330.43
|2 2001
|
| 080 |
|
|
|a 311:33
|2 2001
|
| 080 |
|
|
|a 657
|2 2001
|
| 080 |
|
|
|a (062.534)
|2 2001
|
| 111 |
2 |
|
|a AIESA
|n (7. :
|d 2011 :
|c Bratislava, Slovensko)
|9 331443
|
| 245 |
1 |
0 |
|a AIESA 2012 Applied Informatics Econometrics Statistics Accounting
|b proceedings : VIII. International Scientific Conference of the PHD. Students and Young Scientific Workers : "Young Science AIESA 2012 - Participation of PhD. Students and Young Scientific Workers on Building of Society Based on Knowledge" : 9th November 2012 : Bratislava
|c [proceedings compilation: Anna Šlosárová]
|
| 246 |
2 |
|
|a Applied Informatics Econometrics Statistics Accounting
|
| 250 |
|
|
|a 1st ed.
|
| 260 |
|
|
|a Bratislava
|b Ekonóm
|c 2012
|
| 300 |
|
|
|a [16] s.
|c 21 cm
|
| 500 |
|
|
|a Názov z obalu
|
| 500 |
|
|
|a Súbež. podnázov slov.
|
| 650 |
0 |
7 |
|a informatika
|2 SNKPH
|9 1124
|
| 650 |
0 |
7 |
|a aplikovaná informatika
|2 SNKPH
|9 67713
|
| 650 |
0 |
7 |
|a ekonometria
|2 SNKPH
|9 2138
|
| 650 |
0 |
7 |
|a ekonomická štatistika
|2 SNKPH
|9 790
|
| 650 |
0 |
7 |
|a účtovníctvo
|2 SNKPH
|9 649
|
| 650 |
0 |
7 |
|a Informatics
|2 SNKPHeng
|9 267334
|
| 650 |
0 |
7 |
|a Applied informatics
|2 SNKPHeng
|9 306717
|
| 650 |
0 |
7 |
|a Information technology
|2 SNKPHeng
|9 266458
|
| 650 |
0 |
7 |
|a Econometrics
|2 SNKPHeng
|9 331444
|
| 650 |
0 |
7 |
|a Economic statistics
|2 SNKPHeng
|9 265577
|
| 650 |
0 |
7 |
|a Accounting
|2 SNKPHeng
|9 266872
|
| 650 |
0 |
7 |
|a informačné technológie
|2 SNKPH
|9 1527
|
| 655 |
|
7 |
|a zborníky konferencií
|2 SNKPH
|9 70153
|
| 655 |
|
7 |
|a Proceedings of conferences
|2 SNKPHeng
|9 265791
|
| 700 |
1 |
|
|a Šlosárová, Anna,
|d 1952-
|4 com
|9 199607
|
| 919 |
|
|
|a 978-80-225-3546-5
|
| 999 |
|
|
|c 666913
|d 668843
|
| 952 |
|
|
|a SNK
|b SNK
|y PREZ
|7 0
|p 17A1066773
|o snkSC 153891
|i snk2013/7802
|8 0
|0 0
|1 0
|4 0
|d 2013-04-08
|l 0
|r 2025-07-24 00:00:00
|w 2026-02-23
|
| 952 |
|
|
|a SNK
|b SNK
|y VYP
|7 0
|p 17A1066772
|o snkSC 153891 D1
|i snk2013/7803
|8 0
|0 0
|1 0
|4 0
|d 2013-04-08
|f 1
|l 0
|r 2026-02-23 19:13:47
|w 2026-02-23
|